000 00867nam a2200253 i 4500
001 69117
003 ES-MaACL
005 20250729053850.0
007 t|
008 040913s2002 gw ||||1| eng d
020 _a3-540-4271-5
080 _a532
100 1 _aNekorkin, Vladimir I.
_985347
245 1 0 _aSynergetic phenomena in active lattices
_b: patternes, waves, solitons, chaos /
_cVladimir I. Nekorkin, Manuel G. Velarde.
260 _aBerlin [etc.] :
_bSpringer,
_c[2002]
300 _aXVII, 357 p. :
_bil. ;
_c25 cm.
490 1 _aSpringer series in synergetics
504 _aIncluye referencias bibliográficas.
650 1 7 _aDinámica de fluidos
_2embne
_911890
700 1 _aGarcía Velarde, Manuel
_955382
830 0 _aSpringer series in synergetics
_9230980
852 _aES-MaACL
_jL-28051
_bR.133861
999 _c69117
_d69117